|
|
|
|
| LEADER |
00000nam a22000007a 4500 |
| 005 |
20190714152329.0 |
| 007 |
cr|||| |||| |
| 008 |
190714s2018 br |||||s|||| 00||0 por d |
| 020 |
|
|
|a 978-85-7789-255-6
|
| 035 |
|
|
|a 23845
|
| 040 |
|
|
|a vLex
|
| 090 |
|
|
|c 9031
|d 9031
|
| 100 |
1 |
|
|a Da Luz, Valdemar P.
|
| 245 |
1 |
0 |
|a Manual da Elaboraȯ̂ de Contratos, Procuraė̳s e Outros Documentos
|h [Recurso electrn̤ico] /
|c Valdemar P. Da Luz
|
| 256 |
|
|
|a Servicio en ln̕ea
|
| 260 |
|
|
|a San Pablo:
|b JH Mizuno,
|c 2018
|
| 300 |
|
|
|a 1 recurso electrn̤ico
|
| 500 |
|
|
|a Obra de grande alcance prt̀ico que, em linguagem objetiva e acessv̕el, aborda temas extrajudiciais de alta relevńcia e interesse nô s ̤dos operadores do Direito, como tambm̌ de administradores, contabilistas e corretores de imv̤eis. Na parte inicial, fornece importantes subsd̕ios a respeito dos contratos, discorrendo, entre outros temas, sobre condiė̳s de validade, forma e elementos constitutivos. Depois, adentra nos contratos em espčie (compra e venda, locaȯ̂, empreitada e comodato, entre outros), complementando com a parte prt̀ica. Nos demais capt̕ulos e, em sequencia, contempla os temas procuraė̳s, requerimentos, cautelas negociais e outros temas extrajudiciais de interesse geral. Trata-se, como se observa, de obra que, por conter valiosas informaė̳s a respeito das cautelas necessr̀ias ̉elaboraȯ̂ dos documentos em geral, servir ̀de vigoroso instrumento para todos aqueles que participam ou intermediam atividades negociais.
|
| 506 |
1 |
|
|a Disponible solo en los productos indicados
|d vLex Global
|d vLex Global (Academic Edition, excluding Law Schools)
|d vLex Global (U.S. Academic Edition, Law Schools)
|d vLex Global (U.S. Academic Edition, excluding Law Schools)
|d vLex Global (Academic Edition, Law Schools)
|
| 650 |
0 |
4 |
|a Derecho Civil
|z Brasil
|
| 650 |
0 |
4 |
|a Procedimiento Civil
|z Brasil
|
| 740 |
0 |
|
|a vLex Libros (Servicio en ln̕ea)
|
| 856 |
4 |
0 |
|u http://vlex.com/source/manual-da-elabora-o-de-contratos-procura-es-e-outros-documentos-23845
|z Acceso restringido
|
| 942 |
|
|
|c BOOK
|
| 999 |
0 |
|
|a Civil Law
|
| 999 |
0 |
|
|a Civil Procedure
|